Achieving airtightness (Record no. 105293)

MARC details
000 -LEADER
fixed length control field 00938cam a2200241 4500
001 - CONTROL NUMBER
control field ##L132976
008 - FIXED-LENGTH DATA ELEMENTS--GENERAL INFORMATION
fixed length control field 060329n2006 000 0 eng u
020 ## - INTERNATIONAL STANDARD BOOK NUMBER
International Standard Book Number 1860819028
035 ## - SYSTEM CONTROL NUMBER
System control number (Sirsi) u132976
041 0# - LANGUAGE CODE
Language code of text/sound track or separate title eng
050 04 - LIBRARY OF CONGRESS CALL NUMBER
Classification number 697 $2 18
100 1# - MAIN ENTRY--PERSONAL NAME
Personal name Jaggs, Mike
245 00 - TITLE STATEMENT
Title Achieving airtightness
Remainder of title practical guidance on techniques - windows and doors, sealing methods and materials
260 ## - PUBLICATION, DISTRIBUTION, ETC.
Place of publication, distribution, etc. Watford
Name of publisher, distributor, etc. BRE
Date of publication, distribution, etc. 2006
300 ## - PHYSICAL DESCRIPTION
Extent 6p.
Other physical details ill.
Dimensions 30cm.
490 #0 - SERIES STATEMENT
Series statement BRE Good Building Guide
Volume/sequential designation GBG 67 Part 3
520 ## - SUMMARY, ETC.
Summary, etc. Gives practical advice on methods of achieving airtightness applicable to most building types. This is the third part of a three part information paper (see also L132974 and L132975).
590 ## - LOCAL NOTE (RLIN)
Local note IKA190906
651 #4 - SUBJECT ADDED ENTRY--GEOGRAPHIC NAME
Geographic name United Kingdom
Chronological subdivision
690 ## - LOCAL SUBJECT ADDED ENTRY--TOPICAL TERM (OCLC, RLIN)
Topical term or geographic name as entry element BUILT ENVIRONMENT-BUILDING SERVICES-BUILDING SERVICES ENGINEERING-HEATING AND VENTILATION ENGINEERING
700 1# - ADDED ENTRY--PERSONAL NAME
Personal name Scivyer, Chris
942 ## - ADDED ENTRY ELEMENTS (KOHA)
Suppress in OPAC 0
Holdings
Withdrawn status Lost status Source of classification or shelving scheme Damaged status Not for loan Home library Current library Shelving location Date acquired Total Checkouts Full call number Barcode Date last seen Date last checked out Copy number Price effective from Koha item type
    Dewey Decimal Classification     London London BRE publications 06/09/2006 1 ENQUIRY DESK 30072824 06/08/2019 09/09/2008 1 06/08/2019 Book